Proceedings = Urgent tasks facing science in Asia: Urgent tasks facing science in Asia (Record no. 18543)

MARC details
000 -LEADER
fixed length control field 00369nam a2200097Ia 4500
245 #0 - TITLE STATEMENT
Title Proceedings = Urgent tasks facing science in Asia: Urgent tasks facing science in Asia
260 ## - PUBLICATION, DISTRIBUTION, ETC. (IMPRINT)
Place of publication Tokyo
Name of publisher Science Council of Japan
Year of publication 1998
300 ## - PHYSICAL DESCRIPTION
Number of Pages 174p.
710 ## - ADDED ENTRY--CORPORATE NAME
Corporate name or jurisdiction name as entry element Asian Conference on Scientific Cooperation : Forum of Scientists (5th : 1998 : Mar 11-13 : Tokyo)
942 ## - ADDED ENTRY ELEMENTS (KOHA)
Koha item type Books
Holdings
Withdrawn status Lost status Damaged status Not for loan Home library Current library Date acquired Bill Date Accession Number Price effective from Koha item type
        NASSDOC Library NASSDOC Library 08/10/2004 2004-10-05 36730 18/04/2019 Books